000 00638nam a22001937a 4500
999 _c174523
_d174523
003 Nust
005 20180117090022.0
008 170131b xxu||||| |||| 00| 0 eng d
020 _a9694780012
040 _c0
082 _a309.1549
100 _4M. Ikram Rabbani
245 _aNew millennium Pakistan affairs
_bfor CSS, PMS & other competetive examinations
_cM. Ikram Rabbani
250 _a20th
260 _aLahore
_bCarvan Book House
_c2013
300 _a603p
942 _2ddc
_cBK